Pharmaceutical Engineering (Record no. 5764)

MARC details
000 -LEADER
fixed length control field 00524nam a22002057a 4500
003 - CONTROL NUMBER IDENTIFIER
control field OSt
005 - DATE AND TIME OF LATEST TRANSACTION
control field 20170328142438.0
008 - FIXED-LENGTH DATA ELEMENTS--GENERAL INFORMATION
fixed length control field 170328b xxu||||| |||| 00| 0 eng d
020 ## - INTERNATIONAL STANDARD BOOK NUMBER
International Standard Book Number 9788122411690
020 ## - INTERNATIONAL STANDARD BOOK NUMBER
International Standard Book Number 812241169X
040 ## - CATALOGING SOURCE
Transcribing agency DMLN
082 ## - DEWEY DECIMAL CLASSIFICATION NUMBER
Classification number QV746 S44p 2010
100 ## - MAIN ENTRY--PERSONAL NAME
Personal name Sambamurthy, K.
9 (RLIN) 11987
245 ## - TITLE STATEMENT
Title Pharmaceutical Engineering
260 ## - PUBLICATION, DISTRIBUTION, ETC. (IMPRINT)
Place of publication, distribution, etc. New Delhi; New Age, 1998
300 ## - PHYSICAL DESCRIPTION
Extent x,487p; ill: 25cm
504 ## - BIBLIOGRAPHY, ETC. NOTE
Bibliography, etc Index included
650 ## - SUBJECT ADDED ENTRY--TOPICAL TERM
Topical term or geographic name as entry element Pharmaceutical Engineering
9 (RLIN) 11988
942 ## - ADDED ENTRY ELEMENTS (KOHA)
Source of classification or shelving scheme Other/Generic Classification Scheme
Koha item type Short Loan
Holdings
Withdrawn status Lost status Source of classification or shelving scheme Damaged status Not for loan Home library Current library Date acquired Source of acquisition Inventory number Total Checkouts Full call number Barcode Date last seen Koha item type
    Other/Generic Classification Scheme     Pharmacy Department Library Pharmacy Department Library 28/03/2017   11/00133   QV746 S44p 2010 2017-0648 28/03/2017 Short Loan